000 00981nam0a22002411 4500
001 rc\383361
005 20030307123703.1
035 _a(NLR Aleph) 005601435
090 _a6316973
_c6316973
100 _a20030307d1989 u |0rusy50 ca
101 0 _arus
102 _aRU
105 _aa |||||||||
200 1 _aМЕТОДЫ статистического изучения населения
_eСб. науч. тр.
_fГос. ком. СССР по нар. образованию, Моск. экон.-стат. ин-т
_g[Редкол.: проф. Кильдишев Г.С. (гл. ред.) и др.]
210 _aМ.
_cМЭСИ
_d1989
215 _a102 с.
_cграф.
_d20
702 1 _aКильдишев
_bГ. С.
_f1915
_gГригорий Семенович
_4340
712 0 2 _aМосковский экон.-статистический ин-т
_3RU\NLR\AUTH\889937749
801 0 _aRU
_bNLR
_gpsbo
801 1 _aRU
_bELAR
_2rusmarc
852 _aNLR
_j90-3/2262
942 _cBOOK
980 _aNB